000 00257nam a2200109Ia 4500
008 190216s9999||||xx |||||||||||||| ||und||
100 _aDivakaran P V
245 0 _aHindi-Vyakarana Deepika
260 _bPoorna Pubs Kozhikode
650 _aHindi
942 _cBK
999 _c15524
_d15524